000 00353nam a2200133Ia 4500
008 151001s9999||||xx |||||||||||||| ||und||
100 _aशरण अंजलि
245 _aअचरज भरी खोजें
250 _a1
260 _bविज्ञान शिक्षा
260 _c2002
300 _a55
365 _b21
999 _c980645
_d980642